| 000 | 00437nam a2200217Ia 4500 | ||
|---|---|---|---|
| 003 | IT-RoPAU | ||
| 008 | 120407s9999 xx 000 0 und d | ||
| 040 | _aIT-RoPAU | ||
| 040 | _cIT-RoPAU | ||
| 041 | _aita | ||
| 100 | _aMontesquieu | ||
| 245 | _aLo spirito delle leggi. | ||
| 250 | _aLanciano | ||
| 260 | _aCarabba | ||
| 260 | _c1931 | ||
| 300 | _a207 p. | ||
| 300 | _c19 cm | ||
| 490 | _v1 | ||
| 942 | _cBK | ||
| 999 |
_c28657 _d28657 |
||